[Event "Weiße Dame Borbeck 1 - SV Ahlen 1"]
[Site "Verbandsliga - Gruppe 2 2021/"]
[Date "2022.03.20"]
[Round "7.6"]
[White "Mundil, Uwe"]
[Black "Woestmann, Ulrich"]
[Result "1/2-1/2"]
[WhiteElo "2018"]
[BlackElo "1980"]
[PlyCount "62"]
[EventDate "2022.??.??"]
[WhiteTeam "Weiße Dame Borbeck 1"]
[BlackTeam "SV Ahlen 1"]

1. e4 c5 2. Nf3 d6 3. d4 cxd4 4. Nxd4 Nf6 5. Nc3 a6 6. h3 e5 7. Nde2 Be6 8. g4
b5 9. Bg2 Be7 10. Be3 b4 11. Nd5 Nxd5 12. exd5 Bc8 13. a3 bxa3 14. Rxa3 Nd7 15.
Ng3 Nb6 16. b3 Bg5 17. Qd2 Bxe3 18. Qxe3 O-O 19. O-O f5 20. gxf5 Bxf5 21. c4
Nd7 22. Rfa1 a5 23. b4 Qh4 24. Rxa5 Rab8 25. Ra7 Bxh3 26. Bxh3 Qxh3 27. Qg5 Rf6
28. Ra8 Rbf8 29. Rxf8+ Nxf8 30. Ra8 Rg6 31. Qe7 Rxg3+ 1/2-1/2

[Event "Weiße Dame Borbeck 1 - SV Ahlen 1"]
[Site "Verbandsliga - Gruppe 2 2021/"]
[Date "2022.03.20"]
[Round "7.7"]
[White "Starp, Klaus"]
[Black "Kindermann, Carsten"]
[Result "1-0"]
[WhiteElo "1912"]
[BlackElo "1884"]
[Annotator "daniel"]
[PlyCount "66"]
[EventDate "2022.??.??"]
[WhiteTeam "SV Ahlen 1"]
[BlackTeam "Weiße Dame Borbeck 1"]

1. e4 e5 2. Nc3 Nf6 3. f4 d5 4. fxe5 Nxe4 5. d3 Nxc3 6. bxc3 c5 7. Nf3 Nc6 8.
Be2 Bg4 9. O-O Be7 10. Qe1 Qd7 11. Rb1 b6 12. Bf4 h6 13. h3 Be6 14. Nd2 g5 15.
Bg3 h5 16. c4 O-O-O 17. cxd5 Bxd5 18. Nc4 g4 19. h4 Rh6 20. c3 Qe6 21. Rb2 f6
22. Nxb6+ axb6 23. c4 Nxe5 24. cxd5 Rxd5 25. Qc1 f5 26. Kh1 Nd7 27. d4 Rxd4 28.
Ba6+ Kd8 29. Rxf5 Bd6 30. Bxd6 Qxd6 31. Rf1 g3 32. Qg5+ Qe7 33. Qxg3 Qxh4+ {ZÃo
} 1-0

[Event "Weiße Dame Borbeck 1 - SV Ahlen 1"]
[Site "Verbandsliga - Gruppe 2 2021/"]
[Date "2022.03.20"]
[Round "7.8"]
[White "Klasmeier, Hartmut"]
[Black "Voelker, Andreas"]
[Result "1-0"]
[WhiteElo "1875"]
[BlackElo "1794"]
[PlyCount "71"]
[EventDate "2022.??.??"]
[WhiteTeam "Weiße Dame Borbeck 1"]
[BlackTeam "SV Ahlen 1"]

1. e4 c5 2. Nc3 e6 3. Bc4 Nc6 4. Nf3 a6 5. a4 Nf6 6. d3 d5 7. exd5 exd5 8. Bb3
Be7 9. h3 O-O 10. O-O h6 11. Bf4 Bf5 12. Re1 Re8 13. Qd2 Qd7 14. Ne5 Nxe5 15.
Rxe5 c4 16. dxc4 d4 17. Nd5 Ne4 18. Qa5 Bd8 19. Rxe8+ Qxe8 20. Qb4 Qc6 21. Re1
Bf6 22. f3 Ng5 23. Be5 Kh7 24. Bxf6 gxf6 25. Ne7 Qd7 26. Nd5 Qc6 27. Re7 Rg8
28. Kf2 Bxh3 29. Qxb7 Qxb7 30. Rxb7 Be6 31. Nxf6+ Kg7 32. Nxg8 Kxg8 33. c5 Bxb3
34. Rxb3 Ne6 35. c6 Kf8 36. Rb6 1-0

[Event "Oberhausener SV 2 - SV Rot-Weiß-Altenes"]
[Site "Verbandsklasse - Gruppe 1 202"]
[Date "2022.03.20"]
[Round "7.1"]
[White "Praß, Marian"]
[Black "Joergens, Markus"]
[Result "1/2-1/2"]
[WhiteElo "2010"]
[BlackElo "1980"]
[PlyCount "81"]
[EventDate "2022.??.??"]
[WhiteTeam "SV Rot-Weiß-Altenessen 1"]
[BlackTeam "Oberhausener SV 2"]

1. e4 e6 2. d4 d5 3. e5 c5 4. c3 Nc6 5. Nf3 Bd7 6. Bd3 cxd4 7. O-O Qb6 8. Re1
Nge7 9. Nbd2 Ng6 10. Nb3 dxc3 11. bxc3 Be7 12. Nbd4 a6 13. g3 Bc5 14. Rb1 Qa7
15. a4 Rc8 16. Bc2 O-O 17. Be3 f6 18. exf6 Rxf6 19. Bxg6 Rxg6 20. Nxc6 Bxc6 21.
Bd4 Bxd4 22. cxd4 Rf6 23. Ne5 Be8 24. a5 Bb5 25. Qd2 Rc7 26. Rbc1 Qb8 27. Qb4
Qd8 28. Rc3 Rf8 29. Rec1 Rxc3 30. Qxc3 Qg5 31. Qe3 Qd8 32. Qc3 Qg5 33. Qe3 Qd8
34. Qc3 Qg5 35. Qe1 h5 36. h4 Qf5 37. Kg2 Bc4 38. Rb1 Bb5 39. Rc1 Bc4 40. Rc3
Bb5 41. Rc1 1/2-1/2

[Event "Oberhausener SV 2 - SV Rot-Weiß-Altenes"]
[Site "Verbandsklasse - Gruppe 1 202"]
[Date "2022.03.20"]
[Round "7.2"]
[White "Krueger, André"]
[Black "Kordonowski, Frank"]
[Result "1/2-1/2"]
[WhiteElo "1943"]
[BlackElo "1955"]
[PlyCount "85"]
[EventDate "2022.??.??"]
[WhiteTeam "Oberhausener SV 2"]
[BlackTeam "SV Rot-Weiß-Altenessen 1"]

1. d4 Nf6 2. Bf4 d6 3. Nc3 Nbd7 4. Nf3 e6 5. e4 Be7 6. e5 dxe5 7. dxe5 Ng8 8.
Ne4 Nb6 9. Bd3 Nd5 10. Bd2 Bd7 11. a3 h6 12. Qe2 Bf8 13. O-O Nge7 14. c4 Nb6
15. Nc3 Nc6 16. Rad1 Qe7 17. b4 a5 18. Nb5 Qd8 19. c5 Nd5 20. Nc3 axb4 21. Nxd5
exd5 22. axb4 Bg4 23. Bb5 Ra3 24. Be3 Be7 25. h3 Bh5 26. g4 Bg6 27. Nd4 Qd7 28.
Qb2 Ra8 29. e6 fxe6 30. Nxc6 Bf6 31. Nd4 Qxb5 32. Nxb5 Bxb2 33. Nxc7+ Kd7 34.
Nxa8 Rxa8 35. Bd4 Bxd4 36. Rxd4 Ra3 37. Kg2 Kc6 38. Re1 Be4+ 39. Rdxe4 dxe4 40.
Rxe4 Kd5 41. f3 Rb3 42. h4 g5 43. hxg5 1/2-1/2

[Event "Oberhausener SV 2 - SV Rot-Weiß-Altenes"]
[Site "Verbandsklasse - Gruppe 1 202"]
[Date "2022.03.20"]
[Round "7.3"]
[White "Cavasin, Joerg"]
[Black "Seibert, Michael"]
[Result "1/2-1/2"]
[WhiteElo "1861"]
[BlackElo "1955"]
[PlyCount "55"]
[EventDate "2022.??.??"]
[WhiteTeam "SV Rot-Weiß-Altenessen 1"]
[BlackTeam "Oberhausener SV 2"]

1. c4 g6 2. Nc3 Bg7 3. Nf3 c5 4. g3 Nf6 5. Bg2 Nc6 6. O-O O-O 7. d3 a6 8. a3
Rb8 9. Rb1 b5 10. Bf4 d6 11. cxb5 axb5 12. b4 cxb4 13. axb4 e5 14. Bd2 d5 15.
Qc1 Qd6 16. d4 Bf5 17. dxe5 Nxe5 18. Nxe5 Bxb1 19. Bf4 Rbc8 20. Qxb1 Rxc3 21.
Nxg6 Qe6 22. Nxf8 Bxf8 23. Bf3 Rc4 24. Bd2 Ne4 25. Rd1 Nxd2 26. Rxd2 Rxb4 27.
Qd1 Qg6 28. Kg2 1/2-1/2

[Event "Oberhausener SV 2 - SV Rot-Weiß-Altenes"]
[Site "Verbandsklasse - Gruppe 1 202"]
[Date "2022.03.20"]
[Round "7.4"]
[White "Kraus, Kilian"]
[Black "Avgustin, Thomas"]
[Result "1-0"]
[WhiteElo "1851"]
[BlackElo "1731"]
[PlyCount "115"]
[EventDate "2022.??.??"]
[WhiteTeam "Oberhausener SV 2"]
[BlackTeam "SV Rot-Weiß-Altenessen 1"]

1. d4 Nf6 2. Nf3 e6 3. Bg5 d5 4. e3 Nbd7 5. c4 Bb4+ 6. Nc3 h6 7. Bh4 g5 8. Bg3
Ne4 9. Qc2 c6 10. Nd2 Nxg3 11. hxg3 Qa5 12. Be2 Nf6 13. a3 Bd7 14. O-O-O Bxc3
15. Qxc3 Qxc3+ 16. bxc3 b5 17. c5 a5 18. Kc2 e5 19. Nf3 Ne4 20. Rhf1 Bg4 21.
Rb1 O-O 22. Bd3 exd4 23. cxd4 f6 24. Nd2 Nxd2 25. Kxd2 Rfb8 26. Rb2 Rb7 27. f3
Be6 28. g4 Kg7 29. Rfb1 Rf8 30. Rh1 Re7 31. Bf5 Rfe8 32. Bxe6 Rxe6 33. Re1 Kg6
34. Kd3 h5 35. gxh5+ Kxh5 36. Rbe2 f5 37. e4 dxe4+ 38. fxe4 f4 39. d5 Re5 40.
Kd4 cxd5 41. c6 dxe4 42. Rxe4 Rxe4+ 43. Rxe4 Rc8 44. Kc5 b4 45. axb4 axb4 46.
Rxb4 Kh4 47. Rb3 g4 48. Kd6 Rf8 49. Ke7 Rf5 50. c7 Rc5 51. Kd7 Kg5 52. c8=Q
Rxc8 53. Kxc8 Kf5 54. Rb4 Ke5 55. Kc7 Kf5 56. Kd6 g3 57. Rb3 Ke4 58. Ke6 1-0

[Event "Oberhausener SV 2 - SV Rot-Weiß-Altenes"]
[Site "Verbandsklasse - Gruppe 1 202"]
[Date "2022.03.20"]
[Round "7.5"]
[White "Drawe, Thomas"]
[Black "Zimmer, Javier Miguel"]
[Result "1-0"]
[WhiteElo "1813"]
[BlackElo "1723"]
[PlyCount "77"]
[EventDate "2022.??.??"]
[WhiteTeam "SV Rot-Weiß-Altenessen 1"]
[BlackTeam "Oberhausener SV 2"]

1. c4 Nf6 2. g3 c5 3. Bg2 g6 4. Nc3 Bg7 5. e3 Nc6 6. Nge2 d6 7. O-O O-O 8. d4
cxd4 9. exd4 a6 10. h3 h6 11. Be3 Bf5 12. Rc1 Re8 13. Qd2 Kh7 14. Rfd1 e5 15.
d5 Ne7 16. b4 g5 17. c5 Bg6 18. g4 Nc8 19. Ng3 b6 20. c6 b5 21. Nce4 Qc7 22.
Nxf6+ Bxf6 23. Be4 Nb6 24. Bxg6+ fxg6 25. Ne4 Be7 26. Bxb6 Qxb6 27. c7 Rac8 28.
Rc6 Qa7 29. Rdc1 Rf8 30. Qe3 Qxe3 31. fxe3 Rf7 32. Rxa6 Bf8 33. Rac6 Kg7 34.
Rxd6 Rfxc7 35. Rxc7+ Rxc7 36. Rc6 Rd7 37. d6 Kf7 38. Rc7 Ke6 39. Nc5+ 1-0

[Event "Oberhausener SV 2 - SV Rot-Weiß-Altenes"]
[Site "Verbandsklasse - Gruppe 1 202"]
[Date "2022.03.20"]
[Round "7.6"]
[White "Hombrecher, Kai"]
[Black "Neugebauer, Thomas"]
[Result "1-0"]
[WhiteElo "1779"]
[BlackElo "1830"]
[PlyCount "67"]
[EventDate "2022.??.??"]
[WhiteTeam "Oberhausener SV 2"]
[BlackTeam "SV Rot-Weiß-Altenessen 1"]

1. Nf3 c5 2. g3 d6 3. Bg2 g6 4. c4 Bg7 5. O-O Nc6 6. Nc3 e6 7. e3 Nge7 8. d4
O-O 9. a3 Rb8 10. Rb1 a6 11. b4 cxd4 12. Nxd4 Ne5 13. c5 d5 14. Qc2 Bd7 15. Rd1
Qc7 16. e4 dxe4 17. Nxe4 Nf5 18. Bf4 Nxd4 19. Rxd4 Bc6 20. Rbd1 f5 21. Ng5 Bxg2
22. Kxg2 Qc6+ 23. f3 b5 24. Rd6 Qa8 25. Qe2 Nf7 26. Qxe6 Rbe8 27. Qa2 Re7 28.
Rd7 Qe8 29. Rxe7 Qxe7 30. c6 Qf6 31. c7 Bh6 32. Nxf7 Bxf4 33. gxf4 Kg7 34. Rd7
1-0

[Event "Oberhausener SV 2 - SV Rot-Weiß-Altenes"]
[Site "Verbandsklasse - Gruppe 1 202"]
[Date "2022.03.20"]
[Round "7.7"]
[White "Guth, Gerd-Volker"]
[Black "Pickardt, Dominik"]
[Result "1/2-1/2"]
[WhiteElo "1790"]
[BlackElo "1625"]
[PlyCount "33"]
[EventDate "2022.??.??"]
[WhiteTeam "SV Rot-Weiß-Altenessen 1"]
[BlackTeam "Oberhausener SV 2"]

1. d4 Nf6 2. e3 g6 3. b3 Bg7 4. Bb2 d5 5. h3 O-O 6. Nf3 c5 7. c4 cxd4 8. Bxd4
Nc6 9. Bb2 e6 10. a3 Qc7 11. Be2 Rd8 12. Qc1 Na5 13. Nbd2 dxc4 14. Bxc4 Nxc4
15. Qxc4 Qxc4 16. Nxc4 b6 17. O-O 1/2-1/2

[Event "Oberhausener SV 2 - SV Rot-Weiß-Altenes"]
[Site "Verbandsklasse - Gruppe 1 202"]
[Date "2022.03.20"]
[Round "7.8"]
[White "Hirtz, Karl"]
[Black "Ressel, Joerg"]
[Result "1/2-1/2"]
[WhiteElo "1395"]
[BlackElo "1419"]
[PlyCount "45"]
[EventDate "2022.??.??"]
[WhiteTeam "Oberhausener SV 2"]
[BlackTeam "SV Rot-Weiß-Altenessen 1"]

1. d4 d5 2. c4 dxc4 3. Nc3 e6 4. e3 Nf6 5. Bxc4 Be7 6. Nf3 Nbd7 7. O-O O-O 8.
b3 b6 9. Bb2 Bb7 10. Be2 Re8 11. Rc1 Rc8 12. Rc2 Bd6 13. Nb5 a6 14. Nxd6 cxd6
15. Qc1 d5 16. Bd3 Rxc2 17. Qxc2 Qc8 18. Rc1 Qxc2 19. Rxc2 Rc8 20. Ba3 Rxc2 21.
Bxc2 b5 22. Be7 h6 23. h3 1/2-1/2

[Event "SV Sterkrade-Nord 1 - FS Dortmund 1"]
[Site "Verbandsklasse - Gruppe 1 202"]
[Date "2022.03.20"]
[Round "7.1"]
[White "Hein, Erwin"]
[Black "Proettel, Swen"]
[Result "0-1"]
[WhiteElo "1985"]
[BlackElo "2214"]
[PlyCount "58"]
[EventDate "2022.??.??"]
[WhiteTeam "FS Dortmund 1"]
[BlackTeam "SV Sterkrade-Nord 1"]

1. d4 f5 2. g3 Nf6 3. Bg2 g6 4. Nf3 Bg7 5. O-O O-O 6. c4 d6 7. Nc3 Qe8 8. d5 a5
9. Nd4 Na6 10. e3 Bd7 11. b3 c6 12. Bb2 Nc7 13. Qd2 c5 14. Nde2 b5 15. cxb5
Nxb5 16. Na4 Ra6 17. Rfe1 Qb8 18. Rad1 Rc8 19. Rc1 Ra7 20. Nac3 Nxc3 21. Nxc3
Qb4 22. Nb1 Ne4 23. Qxb4 axb4 24. Bxg7 Kxg7 25. Rc2 Ra5 26. Bxe4 fxe4 27. Ree2
Bb5 28. Red2 Bd3 29. Rb2 Rca8 0-1

[Event "SV Sterkrade-Nord 1 - FS Dortmund 1"]
[Site "Verbandsklasse - Gruppe 1 202"]
[Date "2022.03.20"]
[Round "7.2"]
[White "Aulich, Marcell"]
[Black "Khess, Igor"]
[Result "1-0"]
[WhiteElo "2155"]
[BlackElo "1969"]
[PlyCount "85"]
[EventDate "2022.??.??"]
[WhiteTeam "SV Sterkrade-Nord 1"]
[BlackTeam "FS Dortmund 1"]

1. e4 b6 2. d4 Bb7 3. Bd3 e6 4. Qe2 d6 5. Nf3 Nd7 6. c4 g6 7. Bg5 Ne7 8. Qd2 h6
9. Be3 Bg7 10. Nc3 a6 11. h4 c5 12. d5 e5 13. g4 Nf6 14. Nh2 Qd7 15. f3 Kd8 16.
a3 h5 17. g5 Nh7 18. b4 f5 19. bxc5 f4 20. cxd6 fxe3 21. dxe7+ Kxe7 22. Qxe3
Rhb8 23. Qxb6 Kf7 24. Qe6+ Qxe6 25. dxe6+ Kxe6 26. Rb1 Nf8 27. Nd5 Bxd5 28.
cxd5+ Kd6 29. O-O Nd7 30. Rfc1 Nc5 31. Bc2 Rxb1 32. Rxb1 Kc7 33. Nf1 Rb8 34.
Rxb8 Kxb8 35. Ne3 Kc7 36. Nc4 Kd7 37. Kf2 Ke7 38. Ke3 Bh8 39. Kd2 Bg7 40. Kc3
Ke8 41. Kb4 Bf8 42. Ka5 Be7 43. Nxe5 1-0

[Event "SV Sterkrade-Nord 1 - FS Dortmund 1"]
[Site "Verbandsklasse - Gruppe 1 202"]
[Date "2022.03.20"]
[Round "7.4"]
[White "Grewe, Ludger"]
[Black "Brendemuehl, Bernd"]
[Result "1-0"]
[WhiteElo "2120"]
[BlackElo "1944"]
[PlyCount "67"]
[EventDate "2022.??.??"]
[WhiteTeam "SV Sterkrade-Nord 1"]
[BlackTeam "FS Dortmund 1"]

1. e4 c5 2. Nf3 g6 3. d4 cxd4 4. Qxd4 Nf6 5. e5 Nc6 6. Qa4 Nd5 7. Qe4 Ndb4 8.
a3 d5 9. Qe2 Na6 10. b4 Nc7 11. b5 Na5 12. Qd2 Ne6 13. Nc3 d4 14. Ne4 Bg7 15.
Bd3 b6 16. Bb2 h6 17. O-O Bb7 18. Qb4 Qd5 19. Nxd4 Nf4 20. Nf3 Qe6 21. Nf6+
exf6 22. exf6 Bf8 23. Qxf4 Bd6 24. Be5 O-O-O 25. Rfe1 Bxe5 26. Nxe5 Rhe8 27.
Re3 Qd5 28. Qg3 h5 29. h4 Re6 30. Rae1 Rxf6 31. Be4 Qxb5 32. Rc3+ Bc6 33. Qg5
Re6 34. Nxc6 1-0

[Event "SV Sterkrade-Nord 1 - FS Dortmund 1"]
[Site "Verbandsklasse - Gruppe 1 202"]
[Date "2022.03.20"]
[Round "7.6"]
[White "Herud, Martin"]
[Black "Schulz-Runge, Michael"]
[Result "1/2-1/2"]
[WhiteElo "2033"]
[BlackElo "1880"]
[PlyCount "40"]
[EventDate "2022.??.??"]
[WhiteTeam "SV Sterkrade-Nord 1"]
[BlackTeam "FS Dortmund 1"]

1. d4 Nf6 2. Nc3 d5 3. Bf4 e6 4. Nb5 Bd6 5. Nxd6+ cxd6 6. Nf3 Nc6 7. e3 Ne4 8.
Bd3 g5 9. Bg3 h5 10. h3 Nxg3 11. fxg3 e5 12. dxe5 dxe5 13. e4 Be6 14. Qe2 g4
15. Nh4 Qa5+ 16. c3 Nd4 17. Qd1 Nc6 18. Qe2 Nd4 19. Qd1 Nc6 20. Qe2 Nd4 1/2-1/2

[Event "SC Rochade Rüttenscheid 1 - SF Brackel "]
[Site "Verbandsklasse - Gruppe 2 202"]
[Date "2022.03.20"]
[Round "7.1"]
[White "Skabs, Denis"]
[Black "Michalek, Christoph"]
[Result "0-1"]
[WhiteElo "2005"]
[BlackElo "2141"]
[PlyCount "68"]
[EventDate "2022.??.??"]
[WhiteTeam "SF Brackel 3"]
[BlackTeam "SC Rochade Rüttenscheid 1"]

1. e4 c5 2. d4 cxd4 3. c3 dxc3 4. Nxc3 Nc6 5. Nf3 e6 6. Bc4 a6 7. O-O b5 8. Bb3
Bb7 9. Qe2 Na5 10. Nd4 Ne7 11. Bg5 h6 12. Be3 Ng6 13. Rfd1 Nxb3 14. axb3 Be7
15. Qg4 Qb8 16. f4 h5 17. Qf3 b4 18. Na4 Nh4 19. Qg3 Bxe4 20. Qxg7 Rh7 21. Qg8+
Bf8 22. Nxe6 fxe6 23. Bc5 Rf7 24. Nb6 Bh7 25. Qh8 Ng6 26. Qd4 Nxf4 27. Qxb4
Nh3+ 28. gxh3 Rg7+ 29. Kf1 Qxh2 30. Nxd7 Qh1+ 31. Kf2 Rg2+ 32. Ke3 Qxh3+ 33.
Kd4 Bg7+ 34. Kc4 Rc2+ 0-1

[Event "SC Rochade Rüttenscheid 1 - SF Brackel "]
[Site "Verbandsklasse - Gruppe 2 202"]
[Date "2022.03.20"]
[Round "7.2"]
[White "Dorgarten, Armin"]
[Black "Al Tarboush, Hussam"]
[Result "1/2-1/2"]
[WhiteElo "1947"]
[BlackElo "1973"]
[PlyCount "83"]
[EventDate "2022.??.??"]
[WhiteTeam "SC Rochade Rüttenscheid 1"]
[BlackTeam "SF Brackel 3"]

1. d4 Nf6 2. Nc3 d5 3. Bf4 e6 4. Nb5 Na6 5. a3 c5 6. e3 c4 7. Nc3 Bd6 8. Nf3
Bxf4 9. exf4 O-O 10. Ne5 Qa5 11. Qd2 b5 12. Rb1 Qb6 13. Be2 Nc7 14. O-O a5 15.
Bf3 b4 16. Na4 Qd6 17. Nc5 Rb8 18. axb4 axb4 19. c3 bxc3 20. bxc3 Na6 21. Nxa6
Bxa6 22. g4 Ne4 23. Bxe4 dxe4 24. g5 Qd5 25. Rxb8 Rxb8 26. Ra1 Bb7 27. Qe3 Qb5
28. h4 Qb2 29. Rc1 Bd5 30. Kh2 Qa2 31. Ng4 Rb2 32. h5 Re2 33. Qg3 e3 34. Rf1
exf2 35. Rxf2 Qa1 36. Kh3 Qh1+ 37. Nh2 Qe1 38. Rxe2 Qxe2 39. h6 g6 40. Ng4 Qf1+
41. Kh4 Kf8 42. Nf6 1/2-1/2

[Event "SC Rochade Rüttenscheid 1 - SF Brackel "]
[Site "Verbandsklasse - Gruppe 2 202"]
[Date "2022.03.20"]
[Round "7.3"]
[White "Bense, Dirk"]
[Black "Koprek, Juergen"]
[Result "1/2-1/2"]
[WhiteElo "1992"]
[BlackElo "1882"]
[PlyCount "38"]
[EventDate "2022.??.??"]
[WhiteTeam "SF Brackel 3"]
[BlackTeam "SC Rochade Rüttenscheid 1"]

1. e4 e6 2. d4 d5 3. Nc3 Nf6 4. Bg5 Be7 5. e5 Nfd7 6. Bxe7 Qxe7 7. f4 a6 8. Nf3
c5 9. Qd2 Nc6 10. Ne2 cxd4 11. Nexd4 Nxd4 12. Qxd4 Qc5 13. c3 O-O 14. Bd3 Qc7
15. O-O Nc5 16. Bc2 Bd7 17. Qe3 Rac8 18. Rae1 h6 19. Bb1 Na4 1/2-1/2

[Event "SC Rochade Rüttenscheid 1 - SF Brackel "]
[Site "Verbandsklasse - Gruppe 2 202"]
[Date "2022.03.20"]
[Round "7.4"]
[White "Furchtbar, Uwe"]
[Black "Bungarten, Jona"]
[Result "1-0"]
[WhiteElo "1848"]
[BlackElo "1998"]
[PlyCount "49"]
[EventDate "2022.??.??"]
[WhiteTeam "SC Rochade Rüttenscheid 1"]
[BlackTeam "SF Brackel 3"]

1. c4 e6 2. Nc3 d5 3. e3 c5 4. cxd5 exd5 5. d4 Nf6 6. Nf3 a6 7. Be2 Nc6 8. b3
Bd6 9. Bb2 O-O 10. dxc5 Bxc5 11. Rc1 Ba7 12. O-O Bg4 13. Nd4 Bxe2 14. Ncxe2 Rc8
15. Nf5 Re8 16. Nf4 Bb8 17. Nxg7 Re4 18. Bxf6 Qxf6 19. Qg4 Rd8 20. Ngh5+ Qg6
21. Nf6+ Kg7 22. Qxg6+ hxg6 23. Nxe4 dxe4 24. Rfd1 Bd6 25. Rc4 1-0

[Event "SC Rochade Rüttenscheid 1 - SF Brackel "]
[Site "Verbandsklasse - Gruppe 2 202"]
[Date "2022.03.20"]
[Round "7.5"]
[White "Tomasjan, Samuel"]
[Black "Storp, Thomas"]
[Result "1/2-1/2"]
[WhiteElo "1829"]
[BlackElo "1831"]
[PlyCount "127"]
[EventDate "2022.??.??"]
[WhiteTeam "SF Brackel 3"]
[BlackTeam "SC Rochade Rüttenscheid 1"]

1. e4 e5 2. f4 exf4 3. Nf3 d6 4. d4 Nf6 5. Nc3 Be7 6. Bxf4 Bg4 7. Bc4 O-O 8.
O-O Nbd7 9. Qd3 Nb6 10. Rae1 Nxc4 11. Qxc4 c6 12. h3 Bh5 13. e5 Ne8 14. b3 d5
15. Qd3 Nc7 16. Ne2 Ne6 17. Bh2 Bg6 18. Qd2 Be4 19. Ng3 Bg6 20. c3 b5 21. Ne2
a5 22. Nf4 Bg5 23. Rf2 Be4 24. Ref1 Qe7 25. Nxg5 Qxg5 26. Qe2 Nxf4 27. Bxf4 Qg6
28. Qe3 Rae8 29. Bg3 h6 30. Rf4 Qg5 31. Qf2 Bd3 32. Rg4 Qh5 33. Re1 g5 34. Bf4
f6 35. Qd2 Bf5 36. Rg3 Kh7 37. Be3 fxe5 38. dxe5 Rxe5 39. Bd4 Rxe1+ 40. Qxe1
Re8 41. Re3 Be4 42. Qg3 Qf7 43. Re2 Qf4 44. Qxf4 gxf4 45. Rf2 Rf8 46. Be3 f3
47. gxf3 Rxf3 48. Rxf3 Bxf3 49. a3 Bd1 50. b4 a4 51. Kf2 Kg6 52. Bb6 Kf5 53.
Ke3 h5 54. h4 Bg4 55. Kd4 Be2 56. Ke3 Bc4 57. Kf3 Bb3 58. Bc7 Bd1+ 59. Ke3 Kg4
60. Bd8 Kg3 61. Kd2 Bb3 62. Bg5 Kf3 63. Bf6 Bc4 64. Bd4 1/2-1/2

[Event "SC Rochade Rüttenscheid 1 - SF Brackel "]
[Site "Verbandsklasse - Gruppe 2 202"]
[Date "2022.03.20"]
[Round "7.6"]
[White "Bruckmann, Jochen"]
[Black "Seref, Serkan"]
[Result "0-1"]
[WhiteElo "1786"]
[BlackElo "1705"]
[PlyCount "94"]
[EventDate "2022.??.??"]
[WhiteTeam "SC Rochade Rüttenscheid 1"]
[BlackTeam "SF Brackel 3"]

1. e4 c5 2. d4 cxd4 3. c3 d5 4. e5 dxc3 5. Nxc3 e6 6. Nf3 Nc6 7. Bb5 Bd7 8. O-O
Nge7 9. Re1 Ng6 10. Bg5 Be7 11. Bxe7 Qxe7 12. Rc1 O-O 13. Bxc6 Bxc6 14. Qd4
Rfc8 15. h4 Qf8 16. h5 Ne7 17. g4 Bd7 18. Ne2 Nc6 19. Qf4 Nb4 20. Qd2 Nc6 21.
a3 Qe7 22. g5 Qd8 23. Ng3 Ne7 24. Nh2 Rxc1 25. Rxc1 Rc8 26. Rxc8 Bxc8 27. Ng4
Nf5 28. Ne4 Qc7 29. Nef6+ Kh8 30. Ne8 Qc4 31. f4 Ng3 32. Nd6 Qf1+ 33. Kh2 Ne2
34. Qe3 Bd7 35. Nxf7+ Kg8 36. Nfh6+ gxh6 37. Nf6+ Kf7 38. Nxd7 Qxf4+ 39. Qxf4+
Nxf4 40. gxh6 Nxh5 41. Kh3 Nf4+ 42. Kg4 Nd3 43. Kg5 Nf2 44. Kh5 d4 45. Nc5 d3
46. Nb3 Ne4 47. Kg4 d2 0-1

[Event "SC Rochade Rüttenscheid 1 - SF Brackel "]
[Site "Verbandsklasse - Gruppe 2 202"]
[Date "2022.03.20"]
[Round "7.7"]
[White "Czarnetzki, Reinhold"]
[Black "Busacker, Holger"]
[Result "1/2-1/2"]
[WhiteElo "1671"]
[BlackElo "1795"]
[PlyCount "75"]
[EventDate "2022.??.??"]
[WhiteTeam "SF Brackel 3"]
[BlackTeam "SC Rochade Rüttenscheid 1"]

1. e4 c5 2. c3 e6 3. d4 cxd4 4. cxd4 d5 5. e5 Nc6 6. Nf3 Bd7 7. Be2 Nge7 8. O-O
Qb6 9. Na3 Nf5 10. Nc2 Rc8 11. g4 Nfe7 12. b3 Ng6 13. h4 h5 14. g5 Nce7 15. Ne3
Bb5 16. Ng2 Nf5 17. Bb2 Be7 18. Bd3 Bxd3 19. Qxd3 O-O 20. Rfc1 Rc6 21. Rxc6
bxc6 22. Rc1 c5 23. dxc5 Bxc5 24. Qc2 Bd4 25. Nxd4 Nxd4 26. Qd1 Nxe5 27. Bxd4
Qxd4 28. Qxd4 Nf3+ 29. Kf1 Nxd4 30. Rc7 Ra8 31. f4 Kf8 32. Kf2 Nf5 33. Ke2 Ke8
34. Kd3 Nd6 35. Ne3 Kd8 36. Rc1 g6 37. Kd4 Rc8 38. Rxc8+ 1/2-1/2

[Event "SC Rochade Rüttenscheid 1 - SF Brackel "]
[Site "Verbandsklasse - Gruppe 2 202"]
[Date "2022.03.20"]
[Round "7.8"]
[White "Richters, Marc"]
[Black "Roemer, Alois"]
[Result "1/2-1/2"]
[WhiteElo "1861"]
[BlackElo "1742"]
[Annotator "daniel"]
[PlyCount "50"]
[EventDate "2022.??.??"]
[WhiteTeam "SC Rochade Rüttenscheid 1"]
[BlackTeam "SF Brackel 3"]

1. e4 e5 2. Nf3 Nc6 3. d4 exd4 4. Nxd4 Nf6 5. Nc3 Bb4 6. Nxc6 bxc6 7. Bd3 O-O
8. O-O d5 9. exd5 cxd5 10. Bg5 c6 11. Qf3 Be7 12. Ne2 Ng4 13. Bd2 Nf6 14. Nd4
Qc7 15. Nf5 Kh8 16. Rfe1 Bxf5 17. Qxf5 g6 18. Qf3 Ng8 19. c4 d4 20. Be4 Rab8
21. b3 c5 22. Bd3 Bf6 23. Bf4 Qa5 24. Bxb8 Rxb8 25. Qc6 Kg7 {Rest nicht
nachvollziehbar.} 1/2-1/2

[Event "SV Horst-Emscher 2 - SV Eichlinghofen 2"]
[Site "Verbandsklasse - Gruppe 2 202"]
[Date "2022.03.20"]
[Round "7.1"]
[White "Zachos, Ingo"]
[Black "Renn, Thorsten"]
[Result "1-0"]
[WhiteElo "1963"]
[BlackElo "1883"]
[PlyCount "67"]
[EventDate "2022.??.??"]
[WhiteTeam "SV Eichlinghofen 2"]
[BlackTeam "SV Horst-Emscher 2"]

1. Nf3 Nf6 2. c4 e6 3. g3 d5 4. Bg2 d4 5. O-O c5 6. e3 Nc6 7. exd4 cxd4 8. d3
Bd6 9. Na3 O-O 10. Nc2 Be7 11. Rb1 a5 12. b3 Qb6 13. a3 e5 14. Re1 Bg4 15. h3
Bxf3 16. Bxf3 Nd7 17. b4 axb4 18. axb4 Rae8 19. Bd2 f5 20. b5 Nd8 21. Nb4 Bxb4
22. Bxb4 Nc5 23. Qd2 e4 24. dxe4 fxe4 25. Bg2 Nd3 26. Bxf8 Nxe1 27. Rxe1 e3 28.
fxe3 Kxf8 29. Rf1+ Kg8 30. exd4 Ne6 31. Bd5 Rd8 32. Qe3 Rxd5 33. cxd5 Nf8 34.
Qf4 1-0

[Event "SV Horst-Emscher 2 - SV Eichlinghofen 2"]
[Site "Verbandsklasse - Gruppe 2 202"]
[Date "2022.03.20"]
[Round "7.6"]
[White "Schreiner, Paulo"]
[Black "Scholz, Benedict"]
[Result "1-0"]
[WhiteElo "1768"]
[BlackElo "1570"]
[PlyCount "101"]
[EventDate "2022.??.??"]
[WhiteTeam "SV Horst-Emscher 2"]
[BlackTeam "SV Eichlinghofen 2"]

1. d4 Nf6 2. c4 g6 3. Nc3 Bg7 4. e4 d6 5. Nf3 O-O 6. Be2 e5 7. O-O Nbd7 8. dxe5
Nxe5 9. Nxe5 dxe5 10. Bg5 c6 11. Qxd8 Rxd8 12. Rad1 Be6 13. b3 Rd4 14. Be3 Rd7
15. Rxd7 Nxd7 16. Rd1 f5 17. f3 f4 18. Bf2 g5 19. c5 Nf6 20. Na4 g4 21. Nb2
gxf3 22. gxf3 b5 23. Rd6 Bd7 24. Bh4 Bf8 25. Bxf6 Bxd6 26. cxd6 Kf7 27. Bxe5
Rg8+ 28. Kf2 h5 29. Bxf4 h4 30. Nd3 a5 31. Nc5 Ke8 32. e5 Bf5 33. a4 bxa4 34.
bxa4 Rg6 35. Bd3 Bxd3 36. Nxd3 h3 37. Nc5 Rg2+ 38. Ke3 Rg6 39. Bg3 Rxg3 40. d7+
Ke7 41. e6 Rg5 42. Nb7 Rd5 43. d8=Q+ Rxd8 44. Nxd8 Kxd8 45. f4 Ke7 46. f5 c5
47. Kd3 Kf6 48. Kc4 Kxf5 49. e7 Kf4 50. e8=Q Kf3 51. Qg6 1-0

[Event "SV Horst-Emscher 2 - SV Eichlinghofen 2"]
[Site "Verbandsklasse - Gruppe 2 202"]
[Date "2022.03.20"]
[Round "7.7"]
[White "Milkert, Sascha"]
[Black "Rydzewski, Klaus"]
[Result "1-0"]
[WhiteElo "1673"]
[BlackElo "1841"]
[PlyCount "85"]
[EventDate "2022.??.??"]
[WhiteTeam "SV Eichlinghofen 2"]
[BlackTeam "SV Horst-Emscher 2"]

1. d4 e6 2. Bf4 d5 3. Nf3 Bd6 4. Bg3 Nf6 5. Nbd2 O-O 6. e3 Re8 7. Ne5 Bxe5 8.
dxe5 Nfd7 9. Bd3 c5 10. c3 Nc6 11. f4 c4 12. Bc2 Qb6 13. O-O Qxb2 14. Nf3 Nf8
15. Qd2 Qb6 16. Bf2 Qc7 17. Qe2 b5 18. Rfb1 Rb8 19. e4 Ne7 20. a4 a6 21. axb5
Rxb5 22. Rxb5 axb5 23. Ra7 Bb7 24. f5 Nc6 25. Ra1 exf5 26. exf5 Nxe5 27. Nxe5
Rxe5 28. Qg4 Qe7 29. Bd4 Re1+ 30. Kf2 Re5 31. Ra7 h5 32. Qxh5 f6 33. Qg4 b4 34.
Bxe5 fxe5 35. cxb4 Qxb4 36. f6 Qb6+ 37. Ke2 Qxf6 38. Rxb7 Ne6 39. Rb8+ Kf7 40.
Qh5+ Ke7 41. Qe8+ Kd6 42. Rb6+ Kc5 43. Rxe6 1-0